Truyện ngụ ngôn Việt Nam và thế giới

محفوظ في:
التفاصيل البيبلوغرافية
المؤلف الرئيسي: Phạm Minh Hạnh
التنسيق: كتاب
اللغة:Undetermined
منشور في: Hà Nội KHXH 1993
الموضوعات:
الوسوم: إضافة وسم
لا توجد وسوم, كن أول من يضع وسما على هذه التسجيلة!
Thư viện lưu trữ: Trung tâm Học liệu Trường Đại học Cần Thơ
LEADER 00502nam a2200169Ia 4500
001 CTU_6244
008 210402s9999 xx 000 0 und d
082 |a 398.2 
082 |b H107 
100 |a Phạm Minh Hạnh 
245 0 |a Truyện ngụ ngôn Việt Nam và thế giới 
245 0 |c Phạm Minh Hạnh 
260 |a Hà Nội 
260 |b KHXH 
260 |c 1993 
650 |a folk literature,folk literature, vietnamese 
980 |a Trung tâm Học liệu Trường Đại học Cần Thơ